000 00365pab a2200157 454500
008 180718b1997 xxu||||| |||| 00| 0 eng d
100 _aChellaney, Brahma
245 _aNo more nuclear restraint
260 _c1997
300 _ap.13
362 _a16 Jul
650 _aNuclear weapons
650 _aNuclear energy
773 _aHindustan Times
909 _a35770
999 _c35770
_d35770